Welcome to the Holygrace Academy Library

Please use search bar below to get started

HUMANO MORPHS (Record no. 5961)

MARC details
000 -LEADER
fixed length control field 00327nam a22001337a 4500
020 ## - INTERNATIONAL STANDARD BOOK NUMBER
ISBN 0-7105-1162-0
082 ## - DEWEY DECIMAL CLASSIFICATION NUMBER
Classification number 823
Item number SPE/H
100 ## - MAIN ENTRY--AUTHOR NAME
Personal name SPENSER, M D
245 ## - TITLE STATEMENT
Title HUMANO MORPHS
Remainder of title WHAT WOULD WE DO WITHOUT JILL?
260 ## - PUBLICATION, DISTRIBUTION, ETC. (IMPRINT)
Place of publication ENGLAND
Name of publisher PETER HADDOCK
Year of publication 2000
300 ## - PHYSICAL DESCRIPTION
Number of Pages 122
650 ## - SUBJECT ADDED ENTRY--TOPICAL TERM
Topical Term ADVENTURE
Geographic subdivision UNITED KINGDOM
942 ## - ADDED ENTRY ELEMENTS (KOHA)
Koha item type Books
Holdings
Withdrawn status Lost status Collection code Home library Current library Shelving location Date acquired Source of acquisition Cost, normal purchase price Full call number Accession Number Koha item type
    Fiction Main Library Main Library SHELF 15 H-HARRY POTTER(CHARACTERISATION),WIMPY KID,DORK DIARIES 29/01/2019 purchase 40.00 823 SPE/H 10780 Books